[Event "Oviedo op 9th"]
[Site "Oviedo"]
[Date "2023.07.25"]
[Round "2"]
[White "Gonzalez Gonzalez, Alfonso"]
[Black "Zylka, Stanislaw"]
[Result "0-1"]
[WhiteElo "2061"]
[BlackElo "2417"]
[PlyCount "62"]
[EventDate "2023.07.24"]
[EventType "swiss"]
[EventRounds "9"]
[EventCountry "ESP"]
[SourceTitle "CBM 215 Extra"]
[Source "ChessBase"]
[SourceDate "2023.09.30"]
[SourceVersion "1"]
[SourceVersionDate "2023.09.30"]
[SourceQuality "1"]

1. Nf3 d5 2. d4 c5 3. c4 cxd4 4. cxd5 Qxd5 5. Nc3 Qa5 6. Nxd4 Nf6 7. Qb3 a6 8. Bd2 Nbd7 9. Rc1 Qe5 10. Nf3 Qh5 11. Qc2 e6 12. h3 Be7 13. g4 Nxg4 14. Ne4 Nge5 15. Nxe5 Nxe5 16. Qc7 Ng6 17. Bc3 0-0 18. Rd1 e5 19. Ng3 Qh4 20. Bg2 Bb4 21. e3 Bxc3+ 22. Qxc3 Rb8 23. Bd5 Bd7 24. Ne4 Bc6 25. Bxc6 Rbc8 26. Nd6 Rxc6 27. Qb3 Qf6 28. Qd5 Rc2 29. Rd2 Rxd2 30. Qxd2 Nh4 31. Ne4 Qf3 0-1

[Event "Gibraltar Masters 18th"]
[Site "Caleta"]
[Date "2020.01.29"]
[Round "9"]
[White "Piasetski, Leon David"]
[Black "Gonzalez Gonzalez, Alfonso"]
[Result "1-0"]
[WhiteElo "2219"]
[BlackElo "2100"]
[PlyCount "103"]
[EventDate "2020.01.21"]
[EventType "swiss"]
[EventRounds "10"]
[EventCountry "GGB"]
[SourceTitle "CBM 194 Extra"]
[Source "ChessBase"]
[SourceDate "2020.03.31"]
[SourceVersion "1"]
[SourceVersionDate "2020.03.31"]
[SourceQuality "1"]

1. c4 c6 2. Nf3 d5 3. e3 g6 4. Nc3 Bg7 5. d4 Nf6 6. Be2 0-0 7. 0-0 Bg4 8. b3 e6 9. h3 Bxf3 10. Bxf3 Nbd7 11. Bb2 Re8 12. g3 a6 13. a4 a5 14. Qc2 Qb6 15. Rfd1 Rac8 16. Bg2 e5 17. dxe5 Nxe5 18. cxd5 cxd5 19. Qb1 Qxb3 20. Nxd5 Nxd5 21. Bxd5 Nf3+ 22. Bxf3 Qxb2 23. Qxb2 Bxb2 24. Rab1 Rc2 25. Bxb7 Re7 26. Ba6 Rec7 27. Kg2 Kg7 28. Bd3 Rc1 29. Rdxc1 Bxc1 30. Rb5 Bd2 31. Kf3 Rd7 32. Ke2 Bc3 33. g4 h6 34. h4 Re7 35. f4 Ra7 36. g5 hxg5 37. hxg5 Re7 38. Rd5 Rb7 39. Rc5 Bb4 40. Rc6 Be7 41. Ra6 Bd8 42. Rd6 Be7 43. Rd5 Ra7 44. Kf3 Bb4 45. e4 Be7 46. Kg4 Rb7 47. Rxa5 Rd7 48. Bc4 Rd4 49. Bd5 Rd1 50. Rb5 Bd6 51. Rb7 Rg1+ 52. Kh3 1-0

[Event "Gibraltar Challengers op-B"]
[Site "Caleta"]
[Date "2020.01.27"]
[Round "4"]
[White "Gonzalez Gonzalez, Alfonso"]
[Black "Pakmor, Claus"]
[Result "1-0"]
[WhiteElo "2100"]
[BlackElo "1937"]
[PlyCount "73"]
[EventDate "2020.01.25"]
[EventType "swiss"]
[EventRounds "5"]
[EventCountry "GGB"]
[SourceTitle "CBM 194 Extra"]
[Source "ChessBase"]
[SourceDate "2020.03.31"]
[SourceVersion "1"]
[SourceVersionDate "2020.03.31"]
[SourceQuality "1"]

1. d4 d5 2. Bg5 h6 3. Bh4 Nd7 4. Nf3 Ngf6 5. e3 e6 6. Nbd2 Be7 7. Bd3 c5 8. c3 b6 9. Qe2 Bb7 10. Ne5 0-0 11. g4 Nxe5 12. dxe5 Nd7 13. Bg3 c4 14. Bc2 d4 15. Be4 Bxe4 16. Nxe4 d3 17. Qd1 f6 18. h4 f5 19. Nd2 b5 20. g5 Qe8 21. Bf4 h5 22. g6 Qxg6 23. Nf3 Kh8 24. Nd4 a6 25. Qf3 Nc5 26. 0-0-0 Qf7 27. Rdg1 g6 28. Rg2 Rg8 29. Rhg1 Ne4 30. Rxg6 Qxg6 31. Rxg6 Rxg6 32. Qxh5+ Kg7 33. Nxe6+ Kf7 34. Ng5+ Bxg5 35. Qh7+ Rg7 36. Qxf5+ Bf6 37. Qxe4 1-0

[Event "Gibraltar Masters 18th"]
[Site "Caleta"]
[Date "2020.01.27"]
[Round "7"]
[White "Oragwu, Chukwunonso"]
[Black "Gonzalez Gonzalez, Alfonso"]
[Result "1-0"]
[WhiteElo "2220"]
[BlackElo "2100"]
[PlyCount "121"]
[EventDate "2020.01.21"]
[EventType "swiss"]
[EventRounds "10"]
[EventCountry "GGB"]
[SourceTitle "CBM 194 Extra"]
[Source "ChessBase"]
[SourceDate "2020.03.31"]
[SourceVersion "1"]
[SourceVersionDate "2020.03.31"]
[SourceQuality "1"]

1. e4 c5 2. Nf3 Nc6 3. Bb5 g6 4. c3 Bg7 5. 0-0 e5 6. Re1 Nge7 7. a4 0-0 8. Na3 d5 9. d3 a6 10. Bxc6 Nxc6 11. Qe2 Re8 12. Nc2 d4 13. Na3 Be6 14. Nd2 Qd7 15. Ndc4 Rad8 16. Nb6 Qc7 17. Nbc4 Rd7 18. Bd2 Red8 19. Red1 b6 20. Qf1 f6 21. Rab1 Rb8 22. cxd4 Nxd4 23. b4 b5 24. axb5 axb5 25. Ne3 Bf8 26. Rdc1 Qa7 27. Nac2 c4 28. dxc4 bxc4 29. Nxc4 Qa2 30. N2e3 Qa8 31. f3 Qa4 32. Qe1 Qb5 33. Kh1 Rbd8 34. Qf2 Nc6 35. Qe1 Bh6 36. Rb2 Rd4 37. Ng4 Bg7 38. Na3 Qd3 39. Nb1 Bxg4 40. fxg4 Rxe4 41. Qg1 Ne7 42. b5 Qd6 43. b6 Rb8 44. b7 Qd7 45. Qa7 Qd8 46. Qa2+ Kh8 47. h3 Rd4 48. Qa5 Qe8 49. Be3 Rd7 50. Qa6 f5 51. Ba7 e4 52. Rb5 e3 53. Bxb8 e2 54. Re1 Rd8 55. Bc7 Rd1 56. Bg3 Qb8 57. Qa8 Nc6 58. Rc5 Bd4 59. Rxc6 Ba7 60. Rc8+ Kg7 61. Rxb8 1-0

[Event "Gibraltar Challengers op-B"]
[Site "Caleta"]
[Date "2020.01.26"]
[Round "2"]
[White "Gonzalez Gonzalez, Alfonso"]
[Black "Levay, Sorin"]
[Result "0-1"]
[WhiteElo "2100"]
[BlackElo "2192"]
[PlyCount "186"]
[EventDate "2020.01.25"]
[EventType "swiss"]
[EventRounds "5"]
[EventCountry "GGB"]
[SourceTitle "CBM 194 Extra"]
[Source "ChessBase"]
[SourceDate "2020.03.31"]
[SourceVersion "1"]
[SourceVersionDate "2020.03.31"]
[SourceQuality "1"]

1. e4 c6 2. Nc3 d5 3. Nf3 dxe4 4. Nxe4 Nf6 5. Nxf6+ gxf6 6. d4 Bg4 7. Bc4 e6 8. Be3 Nd7 9. Qe2 Nb6 10. Bb3 Qc7 11. h3 Bh5 12. g4 Bg6 13. Nh4 0-0-0 14. Nxg6 hxg6 15. 0-0-0 Bh6 16. h4 f5 17. Kb1 fxg4 18. Qxg4 Nd5 19. h5 Bxe3 20. Bxd5 Rxd5 21. hxg6 Rxh1 22. Rxh1 Bxd4 23. g7 Bxg7 24. Qxg7 Qd7 25. b3 Rd1+ 26. Rxd1 Qxd1+ 27. Kb2 Qd7 28. Qh8+ Qd8 29. Qg7 Qe7 30. f4 b6 31. a4 Kd7 32. Qe5 Kc8 33. a5 bxa5 34. Qxa5 Qf6+ 35. Ka2 Qxf4 36. Qa6+ Kd7 37. Qxa7+ Qc7 38. Qd4+ Kc8 39. Qh8+ Kb7 40. Qe8 e5 41. Kb1 f5 42. Qf8 Qd7 43. Qb4+ Kc7 44. Qa5+ Kd6 45. Qd2+ Ke7 46. Qg5+ Kf7 47. Qh5+ Ke6 48. Qh6+ Ke7 49. Qg5+ Kd6 50. Qd2+ Ke7 51. Qg5+ Kf7 52. Qh5+ Kg7 53. Qg5+ Kf8 54. Qf6+ Qf7 55. Qh8+ Ke7 56. Qxe5+ Qe6 57. Qg7+ Kd6 58. Qf8+ Kd5 59. Qd8+ Qd6 60. Qg8+ Ke5 61. Qh8+ Qf6 62. Qb8+ Ke4 63. Qb4+ Qd4 64. Qe1+ Qe3 65. Qb4+ Kf3 66. Qh4 Kg2 67. Qf6 Qe4 68. Qg6+ Kf1 69. Qh7 Qf3 70. Qh2 f4 71. Kb2 c5 72. Qh6 Ke1 73. Qh2 Qg3 74. Qh1+ Kf2 75. Qh5 Qg7+ 76. Kb1 Qd4 77. Qh4+ Ke2 78. Qh2+ Qf2 79. Qh5+ f3 80. Qe8+ Kd2 81. Qd8+ Qd4 82. Qa5+ Kd1 83. Qb5 Ke1 84. Qe8+ Kd2 85. Qb5 c4 86. Qg5+ Ke2 87. Qh5 c3 88. Ka2 Qa7+ 89. Kb1 Qe3 90. b4 Qe4 91. Qb5+ Kd2 92. Qd7+ Ke1 93. Qb5 f2 0-1

[Event "Gibraltar Masters 18th"]
[Site "Caleta"]
[Date "2020.01.23"]
[Round "3"]
[White "Belenkaya, Dina"]
[Black "Gonzalez Gonzalez, Alfonso"]
[Result "1-0"]
[WhiteElo "2304"]
[BlackElo "2100"]
[PlyCount "62"]
[EventDate "2020.01.21"]
[EventType "swiss"]
[EventRounds "10"]
[EventCountry "GGB"]
[SourceTitle "CBM 194 Extra"]
[Source "ChessBase"]
[SourceDate "2020.03.31"]
[SourceVersion "1"]
[SourceVersionDate "2020.03.31"]
[SourceQuality "1"]

1. e4 e6 2. Qe2 e5 3. Nf3 Nc6 4. g3 Bc5 5. Bg2 d6 6. c3 Nf6 7. b4 Bb6 8. 0-0 0-0 9. Bb2 Re8 10. d3 a6 11. a3 Ba7 12. Nbd2 Nb8 13. c4 Nbd7 14. h3 Nf8 15. Kh2 Ne6 16. Nb3 Bd7 17. Nfd2 g5 18. c5 h6 19. Rac1 Bb5 20. Nc4 dxc5 21. Nxe5 cxb4 22. axb4 Nd4 23. Nxd4 Bxd4 24. f4 Rxe5 25. fxe5 Bxd3 26. Qxd3 Bg1+ 27. Kxg1 Qxd3 28. Rxf6 Qe2 29. Rf2 Qe3 30. e6 Rd8 31. exf7+ Kf8 1-0

[Event "Gibraltar Masters 17th"]
[Site "Caleta"]
[Date "2019.01.26"]
[Round "5"]
[White "Gonzalez Gonzalez, Alfonso"]
[Black "Burke, Mitchell R"]
[Result "0-1"]
[WhiteElo "2160"]
[BlackElo "1994"]
[PlyCount "95"]
[EventDate "2019.01.22"]
[EventType "swiss"]
[EventRounds "10"]
[EventCountry "GGB"]
[SourceTitle "CBM 188 Extra"]
[Source "ChessBase"]
[SourceDate "2019.02.26"]
[SourceVersion "1"]
[SourceVersionDate "2019.02.26"]
[SourceQuality "1"]

1. e4 c5 2. Nf3 Nc6 3. Nc3 g6 4. a3 Bg7 5. Bc4 d6 6. h3 Nf6 7. d3 0-0 8. Bg5 h6 9. Be3 e5 10. g4 Kh7 11. g5 Nh5 12. Nd5 Nd4 13. gxh6 Bxh6 14. Bxh6 Kxh6 15. Qd2+ Kh7 16. Nxd4 cxd4 17. 0-0-0 Be6 18. Kb1 Rb8 19. Rc1 b5 20. Bb3 a5 21. c3 dxc3 22. bxc3 b4 23. cxb4 axb4 24. axb4 Bxd5 25. Bxd5 Qa5 26. Rc4 Qa3 27. Rhc1 Qb3+ 28. Qb2 Qxd3+ 29. Qc2 Nf4 30. Rd1 Qa3 31. Qb2 Qa4 32. Rd2 Nxd5 33. exd5 Rb6 34. Rd3 Rfb8 35. Rb3 Qd7 36. Qd2 Qf5+ 37. Kb2 e4 38. f3 Qf6+ 39. Kb1 Ra6 40. Rb2 Rba8 41. Rxe4 Ra1+ 42. Kc2 Qxf3 43. Re3 Qf5+ 44. Qd3 Rc8+ 45. Kd2 Qf2+ 46. Qe2 Qg1 47. Rc3 Qd4+ 48. Qd3 0-1

[Event "Gibraltar Masters 17th"]
[Site "Caleta"]
[Date "2019.01.25"]
[Round "4"]
[White "Fenollar Jorda, Manuel"]
[Black "Gonzalez Gonzalez, Alfonso"]
[Result "1-0"]
[WhiteElo "2342"]
[BlackElo "2160"]
[PlyCount "157"]
[EventDate "2019.01.22"]
[EventType "swiss"]
[EventRounds "10"]
[EventCountry "GGB"]
[SourceTitle "CBM 188 Extra"]
[Source "ChessBase"]
[SourceDate "2019.02.26"]
[SourceVersion "1"]
[SourceVersionDate "2019.02.26"]
[SourceQuality "1"]

1. d4 Nf6 2. Nf3 e6 3. Bf4 Nh5 4. Bd2 d5 5. c4 Nd7 6. Nc3 Nhf6 7. cxd5 exd5 8. Bg5 c6 9. e3 h6 10. Bh4 g5 11. Bg3 Nh5 12. Bd3 Nxg3 13. hxg3 Bg7 14. Qc2 Nf6 15. 0-0 Be6 16. b4 g4 17. Nh4 a6 18. Na4 0-0 19. Nc5 Bc8 20. a4 Ne8 21. Nf5 Nd6 22. Nxd6 Qxd6 23. a5 Re8 24. Bf5 Qc7 25. Rfd1 Re7 26. Kf1 Bf6 27. Ke2 Bg5 28. Ra3 Kg7 29. Kf1 h5 30. Re1 Bf6 31. Raa1 Qd8 32. Rad1 Bg5 33. Ke2 Qc7 34. Kd2 b6 35. axb6 Qxb6 36. Rb1 Kf6 37. Bxc8 Rxc8 38. Qc3 Rh8 39. Rb3 Ra8 40. Ra1 Qb8 41. Rba3 Kg7 42. Ke2 Bxe3 43. fxe3 Qxg3 44. Rg1 Rae8 45. e4 Rxe4+ 46. Nxe4 Rxe4+ 47. Kd1 Qf2 48. Re1 Rxd4+ 49. Kc1 Qf6 50. Kb1 Kg8 51. Rc1 Qf5+ 52. Ka2 Qe4 53. g3 Rc4 54. Qd2 Rxc1 55. Qxc1 d4 56. Qg5+ Kf8 57. Qd8+ Kg7 58. Qg5+ Kf8 59. Qd2 Qd5+ 60. Kb2 Qe5 61. Rd3 a5 62. Rxd4 axb4 63. Qf4 Qe2+ 64. Kb3 Qe6+ 65. Kxb4 Qe1+ 66. Kc5 Qa5+ 67. Kxc6 Qa6+ 68. Kc5 Qa5+ 69. Kc4 Qa6+ 70. Kc3 Qa5+ 71. Kd3 Qb5+ 72. Ke3 Kg7 73. Kf2 Qc5 74. Qd6 Qc2+ 75. Rd2 Qb3 76. Qe5+ f6 77. Rd7+ Kg6 78. Qe4+ f5 79. Qc6+ 1-0

[Event "Gibraltar Masters 17th"]
[Site "Caleta"]
[Date "2019.01.24"]
[Round "3"]
[White "Gonzalez Gonzalez, Alfonso"]
[Black "Zhukova, Natalia"]
[Result "1/2-1/2"]
[WhiteElo "2160"]
[BlackElo "2377"]
[PlyCount "139"]
[EventDate "2019.01.22"]
[EventType "swiss"]
[EventRounds "10"]
[EventCountry "GGB"]
[SourceTitle "CBM 188 Extra"]
[Source "ChessBase"]
[SourceDate "2019.02.26"]
[SourceVersion "1"]
[SourceVersionDate "2019.02.26"]
[SourceQuality "1"]

1. c4 e5 2. g3 Nf6 3. Bg2 Nc6 4. Nc3 Bc5 5. Na4 Be7 6. Nc3 0-0 7. d3 a6 8. Bg5 b5 9. Nf3 Rb8 10. cxb5 axb5 11. 0-0 b4 12. Bxf6 Bxf6 13. Nd5 g6 14. Nxf6+ Qxf6 15. Qd2 Nd8 16. Rfc1 Ne6 17. Rc4 c5 18. Bh3 Bb7 19. Bxe6 fxe6 20. Rxc5 d6 21. Rc7 Bxf3 22. exf3 Qxf3 23. Rac1 Rb7 24. b3 Rf7 25. Rc8+ Rf8 26. R1c6 Rxc8 27. Rxc8+ Kg7 28. Qc2 Qd5 29. h4 Rf7 30. Rc4 Qa5 31. Rc6 Qd5 32. Rc7 Qa5 33. Rxf7+ Kxf7 34. Qc6 Ke7 35. Qb7+ Kf6 36. g4 h6 37. Qd7 Qd5 38. Qe8 Kg7 39. Qe7+ Kg8 40. Qe8+ Kg7 41. Qe7+ Kg8 42. h5 gxh5 43. gxh5 Qxd3 44. Qxe6+ Kg7 45. Qe7+ Kg8 46. Qe6+ Kg7 47. Qg4+ Kf6 48. Qxb4 e4 49. Kh2 Kg5 50. Qe1 Kxh5 51. a4 d5 52. b4 d4 53. b5 Qf3 54. Qd2 e3 55. fxe3 dxe3 56. Qg2 Qf4+ 57. Qg3 Qxa4 58. Qe5+ Kg4 59. Qg3+ Kh5 60. Qe5+ Kg4 61. Qe6+ Kf3 62. Qh3+ Ke2 63. b6 Qb5 64. Qxh6 Qe5+ 65. Kh3 Kd1 66. Qg6 e2 67. Qb1+ Kd2 68. Qb4+ Qc3+ 69. Qxc3+ Kxc3 70. b7 1/2-1/2

[Event "Gibraltar Challengers op-A"]
[Site "Caleta"]
[Date "2019.01.22"]
[Round "2"]
[White "Longa Yauca, Javier"]
[Black "Gonzalez Gonzalez, Alfonso"]
[Result "0-1"]
[WhiteElo "2226"]
[BlackElo "2160"]
[PlyCount "130"]
[EventDate "2019.01.21"]
[EventType "swiss"]
[EventRounds "5"]
[EventCountry "GGB"]
[SourceTitle "CBM 188 Extra"]
[Source "ChessBase"]
[SourceDate "2019.02.26"]
[SourceVersion "1"]
[SourceVersionDate "2019.02.26"]
[SourceQuality "1"]

1. d4 Nf6 2. c4 e6 3. Nf3 b6 4. g3 Ba6 5. Nbd2 d5 6. Bg2 c6 7. Ne5 Nfd7 8. Nxd7 Nxd7 9. Qa4 Bb7 10. e4 Be7 11. exd5 cxd5 12. cxd5 exd5 13. Bh3 a6 14. 0-0 b5 15. Qb3 0-0 16. a4 Nf6 17. Re1 Bc6 18. Nf3 bxa4 19. Qc2 Bb5 20. Bf4 Ra7 21. Ne5 Bb4 22. Re3 Qb6 23. Rd1 Nh5 24. Rf3 Rc7 25. Qf5 g6 26. Qb1 Be2 27. Bh6 Bxf3 28. Nxf3 Re8 29. Qa2 Bf8 30. Bxf8 Rxf8 31. Qxa4 Qxb2 32. Qxa6 Rc1 33. Rxc1 Qxc1+ 34. Kg2 Qc2 35. Bd7 Qe4 36. h3 Kg7 37. Bb5 Nf6 38. Bd3 Qe6 39. Qb7 Qc8 40. Qb4 Qb8 41. Qa3 Qa8 42. Qb4 Qa2 43. Qb7 Qa8 44. Qb4 Ne4 45. Ne5 Qa2 46. Bxe4 dxe4 47. Nc4 Qe2 48. Ne3 Ra8 49. Qc3 Qf3+ 50. Kg1 Ra2 51. d5+ Qf6 52. Qxf6+ Kxf6 53. Kf1 h5 54. Nc4 Ke7 55. h4 f6 56. Ke1 Rc2 57. Nd2 Rxd2 58. Kxd2 Kd6 59. Ke3 Kxd5 60. Kf4 Kd4 61. g4 hxg4 62. Kxg4 Ke5 63. f4+ Kd4 64. f5 gxf5+ 65. Kf4 e3 0-1

[Event "Andalucia-chT Honor final"]
[Site "Marbella"]
[Date "2018.12.01"]
[Round "1.8"]
[White "Gavilan Diaz, Mario"]
[Black "Gonzalez Gonzalez, Alfonso"]
[Result "1-0"]
[WhiteElo "2334"]
[BlackElo "2183"]
[PlyCount "69"]
[EventDate "2018.12.01"]
[EventType "team-k.o."]
[EventRounds "3"]
[EventCountry "ESP"]
[SourceTitle "CBM 189 Extra"]
[Source "ChessBase"]
[SourceDate "2019.06.03"]
[SourceVersion "1"]
[SourceVersionDate "2019.06.03"]
[SourceQuality "1"]
[WhiteTeam "La Trocha Coin"]
[BlackTeam "Reina Cristina Algeciras"]
[WhiteTeamCountry "ESP"]
[BlackTeamCountry "ESP"]

1. e4 c5 2. Nf3 Nc6 3. d4 cxd4 4. Nxd4 Nf6 5. Nc3 e5 6. Ndb5 d6 7. Nd5 Nxd5 8. exd5 Ne7 9. c4 Ng6 10. Qa4 Bd7 11. Qb4 Qb8 12. h4 h5 13. Be2 Be7 14. g3 f5 15. Bg5 a6 16. Nc3 e4 17. f4 exf3 18. Bxf3 Ne5 19. Be2 Bxg5 20. hxg5 g6 21. g4 b5 22. c5 dxc5 23. Qxc5 b4 24. d6 Nxg4 25. Bxg4 0-0 26. Qd5+ Kh7 27. Bxh5 gxh5 28. Rxh5+ Kg6 29. Rh6+ Kxg5 30. Qh1 Re8+ 31. Ne2 Rxe2+ 32. Kxe2 Qb5+ 33. Kd2 Kf4 34. Qh2+ Ke4 35. Re1+ 1-0

[Event "Andalucia-chT Honor Occidental"]
[Site "Andalucia"]
[Date "2018.11.17"]
[Round "6.9"]
[White "Gonzalez Gonzalez, Alfonso"]
[Black "Castilla Leon Salas, Carlos"]
[Result "1-0"]
[WhiteElo "2183"]
[BlackElo "2221"]
[PlyCount "79"]
[EventDate "2018.09.30"]
[EventType "team-tourn"]
[EventRounds "7"]
[EventCountry "ESP"]
[SourceTitle "EXT 2020"]
[Source "ChessBase"]
[SourceDate "2019.10.17"]
[SourceVersion "1"]
[SourceVersionDate "2019.10.17"]
[SourceQuality "1"]
[WhiteTeam "Reina Cristina Algeciras"]
[BlackTeam "Reina Brillante"]
[WhiteTeamCountry "ESP"]
[BlackTeamCountry "ESP"]

1. e4 c5 2. Nc3 g6 3. h4 h5 4. Bc4 Nc6 5. Nh3 d6 6. Ng5 Ne5 7. Bb5+ Bd7 8. d4 cxd4 9. Qxd4 Bg7 10. Qd5 Nf6 11. Qxb7 0-0 12. Bxd7 Rb8 13. Qxa7 Nfxd7 14. Qa6 Nc5 15. Qe2 e6 16. 0-0 Qe7 17. Rd1 f6 18. Nf3 Ng4 19. Bf4 Rb6 20. b4 Nb7 21. Rab1 f5 22. Na4 fxe4 23. Qxe4 Ra6 24. Bg5 Nf6 25. Bxf6 Rxf6 26. Nc3 Qc7 27. Rd3 d5 28. Qe1 Ra8 29. a4 Nd6 30. Re3 Qd7 31. Ng5 d4 32. Rd3 dxc3 33. Rbd1 Qxa4 34. Rxd6 Qxc2 35. Rxe6 Rxf2 36. Kh1 Raf8 37. Re8 Rxg2 38. Rxf8+ Bxf8 39. Qe6+ Kh8 40. Qf6+ 1-0

[Event "Andalucia-chT Honor Occidental"]
[Site "Andalucia"]
[Date "2018.10.14"]
[Round "3.19"]
[White "Gonzalez Gonzalez, Alfonso"]
[Black "Gomez Calle, Jose Antonio"]
[Result "1/2-1/2"]
[WhiteElo "2183"]
[BlackElo "2053"]
[PlyCount "104"]
[EventDate "2018.09.30"]
[EventType "team-tourn"]
[EventRounds "7"]
[EventCountry "ESP"]
[SourceTitle "EXT 2020"]
[Source "ChessBase"]
[SourceDate "2019.10.17"]
[SourceVersion "1"]
[SourceVersionDate "2019.10.17"]
[SourceQuality "1"]
[WhiteTeam "Reina Cristina Algeciras"]
[BlackTeam "Shahmat"]
[WhiteTeamCountry "ESP"]
[BlackTeamCountry "ESP"]

1. e4 c5 2. Nc3 e6 3. Nf3 a6 4. a4 b6 5. d4 cxd4 6. Nxd4 Qc7 7. Qf3 Bb7 8. Bf4 d6 9. Bg3 Nf6 10. Bd3 Nbd7 11. 0-0 Be7 12. Qe2 0-0 13. Rfd1 g6 14. h3 Nh5 15. Bh2 Ng7 16. Qe3 Qc5 17. Bf4 e5 18. Nb3 Qxe3 19. Bxe3 Ne6 20. Bc4 Nc7 21. Nd2 Rfd8 22. Nf1 Bc6 23. f3 Kg7 24. Bf2 b5 25. Bb3 Nc5 26. axb5 Nxb3 27. Ra3 Nxb5 28. Rxb3 Nxc3 29. Rxc3 Rdc8 30. Ne3 Ba4 31. Rxc8 Rxc8 32. b3 Bb5 33. c4 Bc6 34. Ra1 Bb7 35. Ra4 Bd8 36. Kf1 h5 37. Ke2 a5 38. Be1 Bc6 39. Ra3 Rb8 40. Kd3 Ra8 41. Bc3 Kh7 42. g3 Kg8 43. f4 exf4 44. gxf4 Bd7 45. f5 gxf5 46. exf5 Bg5 47. Bxa5 Re8 48. Bd2 Bxe3 49. Bxe3 Bxf5+ 50. Kd2 Bxh3 51. Ra5 Bg4 52. b4 Kf8 1/2-1/2

[Event "Andalucia-chA"]
[Site "Algeciras"]
[Date "2018.05.19"]
[Round "5"]
[White "Gonzalez Gonzalez, Alfonso"]
[Black "Sanjuan Garcia, Miguel"]
[Result "1-0"]
[WhiteElo "2193"]
[BlackElo "2112"]
[PlyCount "177"]
[EventDate "2018.05.12"]
[EventType "swiss"]
[EventRounds "8"]
[EventCountry "ESP"]
[SourceTitle "EXT 2020"]
[Source "ChessBase"]
[SourceDate "2019.10.17"]
[SourceVersion "1"]
[SourceVersionDate "2019.10.17"]
[SourceQuality "1"]

1. d4 Nf6 2. Bg5 d6 3. Bxf6 exf6 4. c4 c6 5. Nc3 f5 6. e3 g6 7. g3 Bg7 8. Nge2 Nd7 9. Bg2 Nf6 10. 0-0 0-0 11. b4 Re8 12. Qd3 Rb8 13. a4 Qe7 14. b5 Ne4 15. Rab1 Bd7 16. Rb3 Be6 17. bxc6 bxc6 18. Rxb8 Rxb8 19. Nxe4 fxe4 20. Qxe4 Rb4 21. Nf4 Rxc4 22. a5 d5 23. Qb1 Rb4 24. Qc2 Qb7 25. Nxe6 fxe6 26. Qe2 Rb1 27. Qg4 Kf7 28. Qf4+ Bf6 29. a6 Rxf1+ 30. Bxf1 Qd7 31. Qb8 Bd8 32. Qf4+ Kg8 33. Bh3 Kg7 34. Qe5+ Kf7 35. Qh8 Bf6 36. Qxh7+ Bg7 37. Qh4 Bf6 38. Qf4 Kg7 39. Qb8 Bd8 40. Bxe6 Qc7 41. Qb1 Qb6 42. Qf1 Kf6 43. Bg4 Be7 44. Qd3 Qb5 45. Be2 Qb2 46. Kg2 Bb4 47. h4 Be1 48. e4 Bc3 49. Qf3+ Kg7 50. exd5 cxd5 51. h5 gxh5 52. Qxh5 Bxd4 53. Qg5+ Kf8 54. Qf5+ Ke7 55. Bg4 Kd6 56. Qd7+ Kc5 57. Qc8+ Kb4 58. Qf8+ Bc5 59. Qf4+ Ka5 60. Bc8 d4 61. Qe5 Qb6 62. Bb7 Ka4 63. Qd5 Kb4 64. Qa2 Kc3 65. Bd5 Qb4 66. Qa1+ Qb2 67. Qe1+ Qd2 68. Qe4 Qc2 69. Qe5 Kb4 70. Qb8+ Bb6 71. Qxb6+ axb6 72. a7 d3 73. a8Q d2 74. Qf8+ Qc5 75. Qf4+ Kc3 76. Bf3 b5 77. Bd1 b4 78. Qf3+ Kb2 79. Qb3+ Kc1 80. Bf3 Qc3 81. Qd1+ Kb2 82. g4 b3 83. g5 Ka2 84. Bd5 Qd3 85. Bxb3+ Kb2 86. f3 Kc3 87. Ba4 Qd8 88. f4 Qd5+ 89. Qf3+ 1-0

[Event "Gibraltar Masters 16th"]
[Site "Caleta"]
[Date "2018.01.29"]
[Round "7"]
[White "Bellin, Robert"]
[Black "Gonzalez Gonzalez, Alfonso"]
[Result "1/2-1/2"]
[WhiteElo "2343"]
[BlackElo "2192"]
[PlyCount "80"]
[EventDate "2018.01.23"]
[EventType "swiss"]
[EventRounds "10"]
[EventCountry "GGB"]
[SourceTitle "CBM 183"]
[Source "ChessBase"]
[SourceDate "2018.03.14"]
[SourceVersion "1"]
[SourceVersionDate "2018.03.14"]
[SourceQuality "1"]

1. Nf3 Nf6 2. e3 g6 3. b3 Bg7 4. Bb2 c5 5. c4 0-0 6. Be2 Nc6 7. 0-0 d5 8. cxd5 Qxd5 9. Nc3 Qd8 10. Bb5 Nb4 11. d4 cxd4 12. Nxd4 Bg4 13. Be2 h5 14. a3 Nbd5 15. Nxd5 Qxd5 16. f3 Bd7 17. Bc4 Qg5 18. f4 Qh4 19. Nf3 Qg4 20. h3 Qg3 21. f5 Bc6 22. Be5 Bxf3 23. Bxg3 Bxd1 24. Raxd1 g5 25. Rd4 Rac8 26. e4 h4 27. Bf2 Rc5 28. Re1 Re5 29. Bd3 Rc8 30. Ra4 Rd8 31. Bb1 a5 32. Bb6 Ra8 33. Bd4 Rb5 34. b4 Nh5 35. Bc5 Rd8 36. Bxe7 Bd4+ 37. Kh2 Be5+ 38. Kg1 Bd4+ 39. Kh2 Be5+ 40. Kg1 Bd4+ 1/2-1/2

[Event "Gibraltar Masters 16th"]
[Site "Caleta"]
[Date "2018.01.28"]
[Round "6"]
[White "Gonzalez Gonzalez, Alfonso"]
[Black "Keymer, Vincent"]
[Result "0-1"]
[WhiteElo "2192"]
[BlackElo "2408"]
[PlyCount "76"]
[EventDate "2018.01.23"]
[EventType "swiss"]
[EventRounds "10"]
[EventCountry "GGB"]
[SourceTitle "CBM 183"]
[Source "ChessBase"]
[SourceDate "2018.03.14"]
[SourceVersion "1"]
[SourceVersionDate "2018.03.14"]
[SourceQuality "1"]

1. d4 d5 2. g3 Nf6 3. Bg2 b5 4. b3 Bf5 5. c4 c6 6. Nc3 e6 7. e3 Nbd7 8. Nge2 b4 9. Na4 dxc4 10. bxc4 c5 11. 0-0 Be4 12. Bxe4 Nxe4 13. Qd3 Nef6 14. Bb2 cxd4 15. exd4 Be7 16. a3 0-0 17. axb4 Bxb4 18. Nac3 Ne5 19. Qd1 Nxc4 20. Qb3 Bxc3 21. Bxc3 Qd5 22. Nf4 Qc6 23. Rfc1 Nd5 24. Nd3 Rfc8 25. Nc5 Ne5 26. Bd2 Ng6 27. h4 Nge7 28. g4 h5 29. gxh5 Nf5 30. Qh3 Nf6 31. h6 gxh6 32. Ra3 Qd5 33. Rf3 Qxd4 34. Rxf5 exf5 35. Rc3 Rxc5 36. Qg2+ Kh7 37. Bxh6 Rg8 38. Rg3 Kxh6 0-1

[Event "Gibraltar Masters 16th"]
[Site "Caleta"]
[Date "2018.01.24"]
[Round "8"]
[White "Gonzalez Gonzalez, Alfonso"]
[Black "Akesson, Ralf"]
[Result "0-1"]
[WhiteElo "2192"]
[BlackElo "2443"]
[PlyCount "132"]
[EventDate "2018.01.23"]
[EventType "swiss"]
[EventRounds "10"]
[EventCountry "GGB"]
[SourceTitle "CBM 183"]
[Source "ChessBase"]
[SourceDate "2018.03.14"]
[SourceVersion "1"]
[SourceVersionDate "2018.03.14"]
[SourceQuality "1"]

1. d4 Nf6 2. Bg5 d5 3. Nd2 c6 4. e3 Bf5 5. c4 e6 6. Qb3 Qb6 7. c5 Qc7 8. Bf4 Qc8 9. h3 Nbd7 10. Ngf3 h6 11. Bd3 Bxd3 12. Qxd3 b6 13. cxb6 axb6 14. 0-0 Be7 15. a4 0-0 16. Rfc1 Qb7 17. b3 Rfc8 18. Kh1 c5 19. g4 Ne4 20. Kg2 Bf6 21. Rab1 Re8 22. Ne5 Bxe5 23. Bxe5 c4 24. Qc2 Nxd2 25. Qxd2 Rec8 26. Bg3 cxb3 27. Qb4 Rc4 28. Qxb3 Qc6 29. Rf1 Raxa4 30. Kh2 Rc3 31. Qb2 Rc2 32. Qb3 Raa2 33. Rfc1 Qc4 34. Re1 Qxb3 35. Rxb3 Rab2 36. Rb1 Rxb3 37. Rxb3 Kh7 38. Kg2 Kg6 39. Bd6 h5 40. gxh5+ Kxh5 41. Ra3 Rc6 42. Bg3 Kg6 43. Ra7 Nf6 44. Rb7 Ne4 45. Bh4 Nd6 46. Rd7 b5 47. Be7 Ne4 48. Bb4 Rc2 49. Be1 Rc1 50. Ba5 Ra1 51. Bd8 b4 52. Rb7 Rb1 53. Be7 b3 54. Ba3 Nd2 55. Bb4 Nc4 56. Bc3 b2 57. Rb4 Rc1 58. Bxb2 Rc2 59. Ba1 Nxe3+ 60. Kg3 Nd1 61. f3 Ne3 62. Rb1 Nf5+ 63. Kf4 Kf6 64. Rg1 Rc4 65. Rg4 Ra4 66. Bb2 e5# 0-1